[Event "AUTO-ELITE-2027"]
[Site "http://www.queenalice.com/game.php?id=1540862"]
[Date "2018.9.1"]
[Round "1"]
[White "Lamorteoscura77"]
[Black "JimMorrisson"]
[Result "0-1"]
[WhiteElo "2236"]
[BlackElo "2412"]

1. e4 c5 2. Nf3 Nc6 3. Be2 Nf6 4. d3 e6 5. O-O d5 6. Nbd2 Bd6 7. c3 Qc7 8. Re1
b6 9. Bf1 Bb7 10. g3 O-O-O 11. Qe2 Nd7 12. Bg2 h6 13. d4 f6 14. dxc5 Nxc5 15. b4
Nxe4 16. Nxe4 dxe4 17. Qxe4 Ne5 18. Qe2 Kb8 19. Nxe5 Bxe5 20. Bb2 Bxg2 21. Kxg2
Rhe8 22. Rac1 Qc6+ 23. Kg1 g5 24. c4 Bxb2 25. Qxb2 e5 26. c5 b5 27. Red1 h5 28.
Qe2 h4 29. f3 a6 30. Rxd8+ Rxd8 31. Rd1 Rd5 32. Kf2 Qd7 33. Rxd5 Qxd5 34. Ke1
Qd4 35. Qd2 Qg1+ 36. Ke2 Qxh2+ 37. Ke3 Qxd2+ 38. Kxd2 h3 0-1

[Event "AUTO-ELITE-2027"]
[Site "http://www.queenalice.com/game.php?id=1540863"]
[Date "2018.9.1"]
[Round "1"]
[White "JimMorrisson"]
[Black "Lopesq"]
[Result "1-0"]
[WhiteElo "2451"]
[BlackElo "2585"]

1. e4 c5 2. Nf3 Nc6 3. d4 cxd4 4. Nxd4 e5 5. Nb5 d6 6. c4 Be7 7. N1c3 a6 8. Na3
Nf6 9. Be2 Nd4 10. O-O O-O 11. Be3 Nxe2+ 12. Qxe2 Qa5 13. f3 Bd7 14. Qd2 Kh8 15.
Rac1 Rac8 16. Nd5 Qxd2 17. Bxd2 Nxd5 18. cxd5 f5 19. Nc4 fxe4 20. fxe4 Rxf1+ 21.
Kxf1 Bb5 22. b3 Kg8 23. a4 Be8 24. a5 Bb5 25. Ke2 g6 26. Be3 Bd8 27. Bb6 Bxb6
28. axb6 Kf7 29. Kd2 Ke7 30. Rc3 Bd7 31. Na5 Rxc3 32. Kxc3 Bc8 33. Kd2 g5 34. g4
Kd8 35. h3 Ke8 36. Ke3 Kf7 37. Kf3 Kf6 38. Kg3 h6 39. h4 Kf7 40. hxg5 hxg5 41.
Nc4 Ke7 42. Ne3 Kf6 43. Nf5 Bxf5 44. gxf5 Ke7 45. Kg4 a5 46. Kxg5 Kf7 47. f6 Kf8
48. Kg6 Kg8 49. f7+ Kf8 50. Kg5 Kxf7 51. Kf5 Ke7 52. Kg6 Ke8 53. Kf6 Kd7 54. Kf7
Kd8 55. Ke6 Ke8 56. Kxd6 Kd8 57. Kxe5 Kd7 58. d6 Ke8 59. Ke6 Kd8 60. Kf7 Kd7 61.
e5 Kc6 62. Ke7 Kb5 63. d7 Kb4 64. d8=Q Kxb3 65. Qd5+ Kb4 66. Qxb7 a4 67. Qc6 a3
68. b7 a2 69. b8=Q+ 1-0

[Event "AUTO-ELITE-2027"]
[Site "http://www.queenalice.com/game.php?id=1540864"]
[Date "2018.9.1"]
[Round "1"]
[White "Lopesq"]
[Black "JimMorrisson"]
[Result "0-1"]
[WhiteElo "2572"]
[BlackElo "2422"]

1. d4 Nf6 2. Nf3 g6 3. c3 Bg7 4. Bf4 d6 5. Nbd2 Nh5 6. Bg5 h6 7. Bh4 g5 8. Bg3
c5 9. dxc5 dxc5 10. Qa4+ Nc6 11. e3 Bd7 12. O-O-O Nxg3 13. hxg3 Qc7 14. Ne4 Nd4
15. Qa3 Ne6 16. Bc4 b6 17. g4 Rb8 18. Kb1 O-O 19. Bd5 a5 20. Ng3 Nd8 21. Nf5
Bxf5+ 22. gxf5 b5 23. Qb3 b4 24. c4 Nc6 25. Rd2 Ne5 26. Nxe5 Qxe5 27. g4 Rfd8
28. Rc2 e6 29. fxe6 fxe6 30. Bf3 Rd6 31. Rhc1 Rf8 32. Bb7 Rfd8 33. f4 gxf4 34.
exf4 Qxf4 35. Qf3 Qg5 36. Bc6 Rd2 37. Qh1 Qe5 38. Re1 Qd6 39. Rec1 Rxc2 40. Rxc2
a4 41. Qe4 b3 42. Bxa4 Qd1+ 43. Rc1 bxa2+ 44. Kxa2 Qxc1 45. Qc2 Qe1 46. Qb3 Rd2
47. Qb8+ Kh7 48. Qb7 Rxb2+ 49. Qxb2 Bxb2 50. Bc2+ Kg7 51. Kxb2 Qd2 52. Kb1 Kf6
53. g5+ hxg5 54. Kb2 Ke5 55. Kb3 Kd4 56. Ka3 Qb4+ 57. Ka2 Kc3 58. Bd1 Qb2# 0-1

[Event "AUTO-OPEN-3971"]
[Site "http://www.queenalice.com/game.php?id=1540882"]
[Date "2018.9.1"]
[Round "1"]
[White "carpielo"]
[Black "JimMorrisson"]
[Result "0-1"]
[WhiteElo "1612"]
[BlackElo "2404"]

1. e4 c5 2. d4 cxd4 3. Qxd4 Nc6 4. Qd1 Nf6 5. Nc3 d6 6. Bb5 Bd7 7. a4 g6 8. Nf3
Bg7 9. O-O O-O 10. h3 a6 11. Bxc6 Bxc6 12. Be3 Nxe4 13. Ra2 Bxc3 14. Bd4 Bxd4
15. Qxd4 e5 0-1

[Event "AUTO-OPEN-3971"]
[Site "http://www.queenalice.com/game.php?id=1540883"]
[Date "2018.9.1"]
[Round "1"]
[White "JimMorrisson"]
[Black "carpielo"]
[Result "1-0"]
[WhiteElo "2403"]
[BlackElo "1614"]

1. e4 e5 2. Nf3 Nc6 3. Bb5 a6 4. Ba4 Nf6 5. O-O Nxe4 6. d4 exd4 7. Re1 f5 8.
Nxd4 Nxd4 9. Qxd4 b5 10. Bb3 c6 11. f3 c5 12. Bf7+ Kxf7 13. Qd5+ Ke8 14. fxe4
1-0

[Event "AUTO-OPEN-3971"]
[Site "http://www.queenalice.com/game.php?id=1540910"]
[Date "2018.9.1"]
[Round "1"]
[White "JimMorrisson"]
[Black "clovis"]
[Result "1-0"]
[WhiteElo "2401"]
[BlackElo "1885"]

1. e4 e5 2. Nf3 Nc6 3. Bb5 Nf6 4. O-O Bc5 5. c3 O-O 6. d4 exd4 7. cxd4 Bb6 8. e5
Ne4 9. Nc3 Nxc3 10. bxc3 d6 11. Bg5 1-0

[Event "AUTO-OPEN-3971"]
[Site "http://www.queenalice.com/game.php?id=1540911"]
[Date "2018.9.1"]
[Round "1"]
[White "clovis"]
[Black "JimMorrisson"]
[Result "0-1"]
[WhiteElo "1907"]
[BlackElo "2405"]

1. e4 c5 2. Nf3 Nc6 3. Bb5 e6 4. O-O Nge7 5. d4 cxd4 6. Nxd4 Qb6 7. Bxc6 Nxc6 8.
Nxc6 Qxc6 9. Nc3 b5 10. a3 Bb7 11. Qd3 a6 12. Bf4 Bc5 13. Nd5 exd5 14. exd5 Qxd5
15. Rfe1+ Kf8 16. Qg3 Kg8 17. Rad1 Qc6 18. Re2 h5 19. Rde1 h4 20. Re8+ Bf8 21.
Qh3 Rh5 0-1

[Event "AUTO-OPEN-3971"]
[Site "http://www.queenalice.com/game.php?id=1540912"]
[Date "2018.9.1"]
[Round "1"]
[White "JimMorrisson"]
[Black "princesher"]
[Result "1-0"]
[WhiteElo "2402"]
[BlackElo "1874"]

1. e4 e5 2. Nf3 d6 3. d4 f6 4. Nc3 exd4 5. Nxd4 a6 6. Bc4 Ne7 7. Bb3 h5 8. O-O
c5 9. Nf5 Nxf5 10. exf5 Bxf5 11. Qd5 Qd7 12. Re1+ Kd8 13. Na4 Kc7 14. Bf4 Kd8
15. Nb6 Qc6 16. Qxf5 Qxb6 17. Re8+ Kxe8 18. Qc8+ Qd8 19. Re1+ Be7 20. Rxe7+ Kxe7
21. Qe6+ Kf8 22. Qf7# 1-0

[Event "AUTO-OPEN-3971"]
[Site "http://www.queenalice.com/game.php?id=1540913"]
[Date "2018.9.1"]
[Round "1"]
[White "princesher"]
[Black "JimMorrisson"]
[Result "0-1"]
[WhiteElo "1871"]
[BlackElo "2406"]

1. e4 c5 2. b3 Nc6 3. Bb2 Nf6 4. Bxf6 gxf6 5. Ne2 e6 6. c3 Ne5 7. Qc2 Qa5 8. h3
h5 9. f4 Ng6 10. g3 h4 11. g4 Bh6 12. f5 Ne5 13. Bg2 c4 14. b4 Qc7 15. O-O a5
16. Qa4 O-O 17. Nd4 Nd3 18. fxe6 fxe6 19. a3 Nf4 20. Rf3 d5 21. exd5 e5 22. Nb5
Qb6+ 23. Kh1 Bd7 24. bxa5 Qxb5 25. Qxb5 Bxb5 26. Bf1 Rxa5 27. d6 Bc6 28. Bxc4+
Kg7 29. d4 Bxf3+ 30. Kg1 Nxh3+ 31. Kf1 Bxg4 32. Nd2 Bxd2 33. Be2 Bxe2+ 34. Kg2
Nf4+ 35. Kf2 Bxc3 36. dxe5 Bxa1 37. Ke3 fxe5 38. Ke4 Ng2 39. d7 Rf4# 0-1

[Event "AUTO-ELITE-2027"]
[Site "http://www.queenalice.com/game.php?id=1575235"]
[Date "2019.6.22"]
[Round "2"]
[White "JimMorrisson"]
[Black "grotegeest"]
[Result "0-1"]
[WhiteElo "2453"]
[BlackElo "2687"]

1. e4 c5 2. Nf3 d6 3. d4 cxd4 4. Nxd4 Nf6 5. Nc3 g6 6. Be3 Bg7 7. f3 O-O 8. Qd2
Nc6 9. O-O-O d5 10. Qe1 e5 11. Nxc6 bxc6 12. exd5 Nxd5 13. Bc4 Be6 14. Ne4 Qc7
15. Bc5 Rfd8 16. g4 Nf4 17. Qc3 Bd5 18. h4 f5 19. gxf5 gxf5 20. Nd2 Ne6 21. Nb3
e4 22. Bd4 Nxd4 23. Nxd4 Kh8 24. Bxd5 Qf4+ 25. Kb1 Rxd5 26. Qxc6 Rad8 27. c3
exf3 28. Rhe1 Be5 29. Ka1 R5d6 30. Qb5 Bxd4 31. cxd4 f2 32. Rf1 Rxd4 33. Rb1 Rd2
34. a3 h5 35. Qc5 R8d7 36. Rbc1 Kg7 37. Rc4 Qd6 38. Qxf5 Rd1+ 39. Rc1 Rxc1+ 40.
Rxc1 Rf7 41. Qg5+ Qg6 42. Qb5 Re7 43. Qc4 Qf6 44. Rf1 Re1+ 45. Ka2 Rxf1 46. Qxf1
Qxh4 47. b4 Qh2 48. Qe2 Qf4 49. Qf1 Qf3 50. Qa1+ Kg6 0-1

[Event "AUTO-ELITE-2027"]
[Site "http://www.queenalice.com/game.php?id=1575236"]
[Date "2019.6.22"]
[Round "2"]
[White "grotegeest"]
[Black "JimMorrisson"]
[Result "1-0"]
[WhiteElo "2673"]
[BlackElo "2463"]

1. e4 c5 2. Nf3 Nc6 3. d4 cxd4 4. Nxd4 g6 5. c4 Bg7 6. Nc2 Nf6 7. Nc3 O-O 8. Be2
d6 9. O-O Be6 10. Bd2 Rc8 11. f4 a6 12. Kh1 Ne8 13. Rc1 Na5 14. b3 b5 15. f5 Bd7
16. Nd5 Nb7 17. Bg5 Nf6 18. Bxf6 exf6 19. b4 bxc4 20. Nce3 a5 21. a3 Re8 22. Qd4
axb4 23. axb4 Re5 24. Nxc4 Ra8 25. Nxe5 1-0

[Event "AUTO-OPEN-3971"]
[Site "http://www.queenalice.com/game.php?id=1578652"]
[Date "2019.7.27"]
[Round "3"]
[White "josekasparov"]
[Black "JimMorrisson"]
[Result "1-0"]
[WhiteElo "2486"]
[BlackElo "2462"]

1. d4 Nf6 2. c4 g6 3. Nc3 Bg7 4. e4 d6 5. Be2 O-O 6. Bg5 c5 7. d5 e6 8. Nf3 exd5
9. exd5 Nbd7 10. O-O Re8 11. h3 a6 12. a4 Qc7 13. Qd2 Ne5 14. Nh4 Ned7 15. Bh6
Bh8 16. f4 b6 17. f5 Ne4 18. Nxe4 Rxe4 19. fxg6 hxg6 20. Nxg6 fxg6 21. Bd3 Bd4+
22. Kh1 Rh4 23. Rae1 Nf6 24. Re8+ Nxe8 25. Rf8+ Kh7 26. Bxg6+ Kxg6 27. Qg5+ Kh7
28. Qxh4 Bf6 29. Bg5+ Kg6 30. Bxf6 Ng7 31. Qg5+ Kh7 32. Bxg7 Qxg7 33. Qh5+ 1-0

[Event "AUTO-OPEN-3971"]
[Site "http://www.queenalice.com/game.php?id=1578653"]
[Date "2019.7.27"]
[Round "3"]
[White "JimMorrisson"]
[Black "josekasparov"]
[Result "1-0"]
[WhiteElo "2454"]
[BlackElo "2503"]

1. e4 c5 2. Nf3 d6 3. d4 cxd4 4. Nxd4 Nf6 5. Nc3 g6 6. Be3 Bg7 7. f3 O-O 8. Qd2
Nc6 9. O-O-O d5 10. Nxc6 bxc6 11. exd5 cxd5 12. Bd4 Qa5 13. g4 Bb7 14. h4 e5 15.
Bxe5 d4 16. Bxd4 Bxf3 17. Bg2 Bxd1 18. Bxa8 Bxg4 19. Qf4 Bf5 20. Bf3 Rd8 21. Rd1
h5 22. a3 Ng4 23. Bxg7 Kxg7 24. Nd5 Qc5 25. c4 Qf2 26. Qd4+ f6 27. Qxf2 Nxf2 28.
Rd4 Bg4 29. Bg2 Re8 30. c5 Re2 31. Rd2 Re1+ 32. Kc2 Bf5+ 33. Kc3 Ne4+ 34. Bxe4
Rxe4 35. b4 Rxh4 36. c6 Re4 37. a4 h4 38. a5 h3 39. b5 Bc8 40. b6 axb6 41. axb6
Re6 42. Nb4 g5 43. b7 Bxb7 44. cxb7 Rb6 45. Rd7+ Kg6 46. Nd5 Rb5 47. Kc4 Rb1 48.
Nb4 h2 49. b8=Q h1=Q 50. Qe8+ Kf5 51. Rd5+ Kf4 52. Rd4+ Kg3 53. Rd3+ Kh4 54. Nd5
Rc1+ 55. Kb5 Qf1 56. Qh8+ 1-0

[Event "Kasker 4"]
[Site "http://www.queenalice.com/game.php?id=1589259"]
[Date "2019.11.6"]
[Round "2"]
[White "pickles"]
[Black "JimMorrisson"]
[Result "1-0"]
[WhiteElo "2554"]
[BlackElo "2459"]

1. e4 c5 2. Nf3 Nc6 3. d4 cxd4 4. Nxd4 g6 5. Nc3 Bg7 6. Be3 Nf6 7. Bc4 O-O 8.
Bb3 d6 9. f3 Bd7 10. Qd2 Nxd4 11. Bxd4 b5 12. a4 b4 13. Nd5 Nxd5 14. Bxg7 Kxg7
15. exd5 Qb6 16. h4 h6 17. O-O-O Rac8 18. Rhe1 Rfe8 19. Kb1 h5 20. Re4 a5 21.
Rde1 Qd8 22. g4 hxg4 23. Qd4+ f6 24. fxg4 Kf7 25. h5 gxh5 26. g5 Bf5 27. gxf6
Bxe4 28. Qxe4 exf6 29. Qh7+ Kf8 30. Rg1 1-0

[Event "Kasker 4"]
[Site "http://www.queenalice.com/game.php?id=1606085"]
[Date "2020.4.5"]
[Round "3"]
[White "JimMorrisson"]
[Black "ichtus"]
[Result "1/2-1/2"]
[WhiteElo "2450"]
[BlackElo "2826"]

1. e4 c5 2. Nf3 d6 3. d4 cxd4 4. Nxd4 Nf6 5. Nc3 g6 6. Be3 Bg7 7. f3 Nc6 8. Qd2
O-O 9. O-O-O d5 10. Qe1 e5 11. Nxc6 bxc6 12. exd5 Nxd5 13. Bc4 Be6 14. Ne4 Qc7
15. Bc5 Rfd8 16. g4 Nf4 17. Qc3 Bd5 18. Kb1 f5 19. gxf5 gxf5 20. Nd2 Ne6 21. Bf2
e4 22. Qa3 exf3 23. Bxd5 cxd5 24. Qxf3 Qe5 25. c3 d4 26. Nc4 Qc7 27. b3 Rab8 28.
Kc1 dxc3 29. Qxf5 Qc6 30. Rxd8+ Rxd8 31. Rg1 Rf8 32. Qc2 Kh8 33. Rd1 a6 34. a4
Nf4 35. Bg3 Qf3 36. Kb1 Nd5 37. Be5 Re8 38. Rd3 Qe4 39. Bxg7+ Kxg7 40. Nd6 Qh1+
41. Rd1 Re1 42. Kc1 Rf1 43. Qe2 Rxd1+ 44. Qxd1 Qxd1+ 45. Kxd1 Kf6 46. Nb7 Ke5
47. Nc5 Nb4 48. Ke2 Kd4 49. Ne6+ Ke5 50. Nc5 Kd4 1/2-1/2

[Event "Kasker 4"]
[Site "http://www.queenalice.com/game.php?id=1629094"]
[Date "2020.10.5"]
[Round "4"]
[White "Ahlkhanvio"]
[Black "JimMorrisson"]
[Result "1/2-1/2"]
[WhiteElo "2562"]
[BlackElo "2457"]

1. d4 Nf6 2. c4 g6 3. Nc3 Bg7 4. Nf3 O-O 5. g3 d6 6. Bg2 c5 7. d5 e6 8. O-O exd5
9. cxd5 a6 10. a4 Nbd7 11. Nd2 Re8 12. h3 Rb8 13. Nc4 Ne5 14. Na3 Nh5 15. e4 Bd7
16. a5 Qxa5 17. g4 Nf6 18. f4 Nexg4 19. hxg4 Nxg4 20. f5 h5 21. Bg5 Qb4 22. f6
Bf8 23. Qd2 Qd4+ 24. Qxd4 cxd4 25. Nd1 Rbc8 26. b3 Ne5 27. Nf2 Rc3 28. Rab1
1/2-1/2

[Event "Kasker 5"]
[Site "http://www.queenalice.com/game.php?id=1779098"]
[Date "2022.1.3"]
[Round "1"]
[White "JimMorrisson"]
[Black "pickles"]
[Result "0-1"]
[WhiteElo "2459"]
[BlackElo "2584"]

1. e4 e6 2. d4 d5 3. Nc3 Bb4 4. e5 c5 5. a3 Bxc3+ 6. bxc3 Ne7 7. Nf3 b6 8. Bb5+
Bd7 9. Bd3 c4 10. Bf1 Ba4 11. g3 Na6 12. h4 Nc7 13. h5 h6 14. Nh4 Kd7 15. Ng2
Qg8 16. Ne3 Qh7 17. Bh3 Rad8 18. O-O g6 19. Ra2 gxh5 20. Qxh5 Qg6 21. Qf3 h5 22.
Ng2 h4 23. g4 Bxc2 24. Nf4 Qh7 25. Nh5 Qd3 26. Be3 Bb3 27. Raa1 Qxc3 28. Qxf7
Rdf8 29. Qg7 Bc2 30. Rfc1 Qb3 31. Nf6+ Kd8 32. a4 Bg6 33. g5 Bf5 34. a5 b5 35.
Bxf5 exf5 36. Rab1 Qd3 37. Nh5 h3 38. Kh2 Ne6 39. Nf4 Nxf4 40. Rxb5 Nfg6 41.
Rxd5+ Ke8 42. Rb5 Qe4 43. Rg1 Nh4 0-1

[Event "Kasker 5"]
[Site "http://www.queenalice.com/game.php?id=1797233"]
[Date "2022.10.2"]
[Round "3"]
[White "Ahlkhanvio"]
[Black "JimMorrisson"]
[Result "1-0"]
[WhiteElo "2636"]
[BlackElo "2445"]

1. d4 Nf6 2. Bg5 c6 3. Bxf6 gxf6 4. c4 Qb6 5. Qd2 d6 6. Nc3 e5 7. Nf3 Bg4 8. e3
Bxf3 9. gxf3 Nd7 10. O-O-O O-O-O 11. d5 Kb8 12. Kb1 Rg8 13. Bh3 Nc5 14. Bf5 h5
15. h4 a5 16. Rhg1 Rxg1 17. Rxg1 Qb4 18. Ne4 Nxe4 19. Qxb4 axb4 20. fxe4 Kc7 21.
Rg8 Bh6 22. Rxd8 Kxd8 23. dxc6 bxc6 24. Kc2 Kc7 25. Kb3 c5 26. Ka4 Kb6 27. Bd7
Bg7 28. Be8 f5 29. exf5 Bf6 30. e4 Bxh4 31. Bxf7 Bxf2 32. Bxh5 Bh4 33. Bf7 Bg5
34. a3 Bc1 35. Kb3 1-0

[Event "Kasker 5"]
[Site "http://www.queenalice.com/game.php?id=1814354"]
[Date "2023.6.19"]
[Round "4"]
[White "JimMorrisson"]
[Black "Jo_AnnaSummer"]
[Result "0-1"]
[WhiteElo "2441"]
[BlackElo "2497"]

1. e4 c5 2. Nf3 d6 3. d4 cxd4 4. Nxd4 Nf6 5. Nc3 Nc6 6. Be2 e5 7. Nf3 Be7 8. O-O
O-O 9. Re1 h6 10. h3 Be6 11. Bf1 Qa5 12. Bd2 Qd8 13. Bc1 Nb8 14. Nd5 Nxd5 15.
exd5 Bf5 16. c4 Nd7 17. a3 Bg6 18. b4 b6 19. Bb2 Bh5 20. Qb3 f5 21. Rac1 Bf6 22.
g3 Bxf3 23. Qxf3 e4 24. Bxf6 Qxf6 25. Qc3 Ne5 26. Kh1 Rac8 27. Qe3 Rc7 28. c5
bxc5 29. bxc5 dxc5 30. Rxc5 f4 31. gxf4 Rxc5 32. Qxc5 Nf3 33. Rc1 Qxf4 34. Qc7
Qd2 35. Qc2 Qg5 36. Bg2 Rf6 37. Bxf3 Rxf3 38. Qc8+ Kh7 39. Rg1 Qh5 40. Rg3 Rxf2
41. Qg4 Qe5 42. d6 Rd2 43. d7 Rxd7 44. Qxd7 Qxg3 45. Qf5+ Qg6 46. Qc5 Qe6 47.
Qe3 a5 48. Kg2 Qf5 49. a4 Qf3+ 0-1

[Event "Kasker 5"]
[Site "http://www.queenalice.com/game.php?id=1822409"]
[Date "2023.10.5"]
[Round "5"]
[White "priit57"]
[Black "JimMorrisson"]
[Result "1-0"]
[WhiteElo "2707"]
[BlackElo "2434"]

1. d4 Nf6 2. c4 g6 3. Nc3 Bg7 4. Nf3 O-O 5. e4 d6 6. Be2 c5 7. O-O cxd4 8. Nxd4
Nc6 9. Be3 Bd7 10. Rc1 Nxd4 11. Bxd4 Bh6 12. Rc2 e5 13. Be3 Bxe3 14. fxe3 Bc6
15. Qd3 Qe7 16. b4 b6 17. Bd1 a5 18. a3 axb4 19. axb4 Kg7 20. Rcf2 Ng8 21. Bb3
Nh6 22. Qd1 Ra3 23. h3 Qg5 24. Rf3 Rd8 25. b5 Bb7 26. Qc2 f5 27. c5 fxe4 28.
Nxe4 Bxe4 29. Qxe4 Rxb3 30. Qb7+ Kh8 31. c6 Rc3 32. c7 Rg8 33. Rf8 Qxe3+ 34. Kh2
Qg3+ 35. Kh1 Rxf8 36. Rxf8+ Ng8 37. c8=R Qe1+ 38. Kh2 Qg3+ 39. Kg1 Qe3+ 40. Rf2
Rxc8 41. Qxc8 Qd4 42. Qf8 e4 43. Kh2 h5 44. Qf4 Qd5 45. Rd2 Qxb5 46. Rxd6 1-0